000
00194 a2200097 4500
020
_a
9788413182155
041
_a
spa
100
_a
Blue, Beatrice
245
_a
Erase un vez Un Dragon
942
_c
BK
999
_c
26919
_d
26919